Normal view
MARC view
Entry Personal Name
001 - CONTROL NUMBER
- control field: 14235
003 - CONTROL NUMBER IDENTIFIER
- control field: OSt
005 - DATE AND TIME OF LATEST TRANSACTION
- control field: 20260122101505.0
008 - FIXED-LENGTH DATA ELEMENTS
- fixed length control field: 260122|| aca||aabn | a|a d
040 ## - CATALOGING SOURCE
- Original cataloging agency: OSt
- Transcribing agency: OSt
100 ## - HEADING--PERSONAL NAME
- Personal name: Truxillo, Donald M.
670 ## - SOURCE DATA FOUND
- Source citation: Work cat.: (OSt)5448: Truxillo, Donald M., author., Psychology and work :
